Central Library OPAC University of Rajshahi

The Girls' school yearbook : (Record no. 32305)

MARC details
000 -LEADER
fixed length control field 01096cam a2200289 a 4500
001 - CONTROL NUMBER
control field 32305
003 - CONTROL NUMBER IDENTIFIER
rucl marc code BD-RjUL
005 - DATE AND TIME OF LATEST TRANSACTION
control field 20211209051820.0
008 - FIXED-LENGTH DATA ELEMENTS--GENERAL INFORMATION
fixed length control field 140424s1954 enkar r 0 1 0eng
035 ## - SYSTEM CONTROL NUMBER
System control number (OCoLC)14104606
-- (BD-RjUL)32394
040 ## - CATALOGING SOURCE
Original cataloging agency DLC
Transcribing agency DLC
Modifying agency BD-RjUL
Language of cataloging eng
041 ## - LANGUAGE CODE
Language code of text/sound track or separate title eng
082 00 - DEWEY DECIMAL CLASSIFICATION NUMBER
Classification number R 376.941
Edition number 19
Author mark and year GIR 1954
245 00 - TITLE STATEMENT
Title The Girls' school yearbook :
Remainder of title public schools : the official book of reference of the Association of Head Mistresses /
260 ## - PUBLICATION, DISTRIBUTION, ETC. (IMPRINT)
Place of publication, distribution, etc. London :
Name of publisher, distributor, etc. A & C Black,
Date of publication, distribution, etc. 1954.
300 ## - PHYSICAL DESCRIPTION
Pagination lxiv, 643 p. :
Illustrations ill. ;
Size 22 cm.
504 ## - BIBLIOGRAPHY, ETC. NOTE
Bibliography, etc Includes index.
650 #0 - SUBJECT ADDED ENTRY--TOPICAL TERM
Topical term or geographic name as entry element Women
General subdivision Education
Geographic subdivision Great Britain
Form subdivision Directories.
9 (RLIN) 97367
Topical term or geographic name as entry element Endowed public schools (Great Britain)
Form subdivision Directories.
9 (RLIN) 95167
Topical term or geographic name as entry element Preparatory schools
Geographic subdivision Great Britain
Form subdivision Directories.
9 (RLIN) 97368
Topical term or geographic name as entry element Universities and colleges
Geographic subdivision Great Britain
Form subdivision Directories.
9 (RLIN) 29942
Topical term or geographic name as entry element Women
General subdivision Employment
Geographic subdivision Great Britain
Form subdivision Directories.
9 (RLIN) 97369
710 2# - ADDED ENTRY--CORPORATE NAME
Corporate name or jurisdiction name as entry element The Association of Head Mistresses. (Great Britain)
9 (RLIN) 97370
942 ## - ADDED ENTRY ELEMENTS (KOHA)
Source of classification or shelving scheme Dewey Decimal Classification
Koha item type Books
Holdings
Lost status Source of classification or shelving scheme Damaged status Not for loan Collection code Permanent Location Current Location Shelving location Date acquired Source of acquisition Total Checkouts Full call number Date last seen Copy number Koha item type
  Dewey Decimal Classification   Not For Loan Non-fiction Central Library, University of Rajshahi Central Library, University of Rajshahi Reading Room 13/06/1955 British Council   R 376.941 GIR 1954 24/04/2014 C-1 Books